000 00650nam a2200241 a 4500
001 nice12345678
003 IN_TiNIC
005 20260116011518.0
008 050524s1919 lona grp 000 0 eng
020 _a
_c100
082 0 0 _a297.1226
_bSTA
100 _aStanton, H U Weitbrecht
245 _aTeaching of the Qur`an
_b With an Account of Its Growth and a Subject Inde
260 _aLondon
_bCentral Board of Mission
_c1919
300 _a134p.
500 _aincludes index and biblioraphy
505 2 _aArabic-Urdu
650 _aQuran-Theology
700 1 _aStanton, H U Weitbrecht
902 _bSRS
942 _cBK
999 _c2192
_d2192